[Event "23rd Alekhine Master 2019"]
[Site "Voronezh"]
[Date "2019.06.16"]
[Round "5.1"]
[White "Pavlov, Sergey"]
[Black "Maiorov, Nikita"]
[Result "1/2-1/2"]
[WhiteElo "2473"]
[BlackElo "2527"]
[Annotator "TA"]
[PlyCount "110"]
[EventDate "2019.06.12"]
[EventType "swiss"]
[EventCountry "RUS"]
[SourceTitle "playchess.com"]
[Source "ChessBase"]
[SourceQuality "1"]

{[%evp 9,110,0,16,12,14,20,17,19,46,43,56,52,66,62,69,76,70,73,90,82,76,77,82,81,87,83,95,94,95,79,87,71,75,45,50,65,90,77,145,145,134,134,135,134,135,109,139,143,120,131,115,27,22,9,0,0,0,0,0,0,0,0,0,-118,-111,-368,-368,-358,-358,-358,-331,-270,-289,-339,-322,-375,-380,-427,-385,-528,-514,-513,-510,-499,-475,-430,-13,-34,0,0,0,0,0,0,0,0,0,0,0,0,0,0,0]} 1. c4 Nf6 2. Nc3 e5 3. Nf3 Nc6 4. e3 Bb4 5. Qc2 d6 6. Ne2 {A28: English Opening: Four Knights Variation} Bc5 7. a3 a5 8. b3 O-O 9. Bb2 Re8 10. Ng3 $1 h6 11. Be2 Ba7 12. O-O Bd7 $146 ({Predecessor:} 12... Be6 13. Bc3 Ne7 {1-0 (63) Karjakin,S (2760)-Vidit,S (2715) Riadh 2017}) 13. h3 Qc8 14. d4 exd4 15. exd4 d5 16. c5 Ne4 17. Nxe4 Rxe4 18. Bd3 Rf4 19. Qd2 Rf6 20. Nh2 Bf5 21. Rfe1 Bxd3 22. Qxd3 Qd7 23. Ng4 Rg6 (23... Re6 $142) 24. Bc3 $16 Re8 25. b4 Rxe1+ 26. Rxe1 {Black must now prevent b5.} axb4 27. axb4 {Threatens to win with b5.} Re6 {[#]} 28. b5 $1 Rxe1+ 29. Bxe1 Ne7 {[#]} 30. Ne5 ({White should play} 30. Qa3 $1 $16 {[%cal Ra3a7]} Bb8 31. Qa8) 30... Qe8 $1 $11 31. Qb3 Bb8 32. c6 bxc6 33. bxc6 Ba7 $1 {[%cal Ra7d4]} 34. Bc3 Bb6 $1 35. Qb5 {Strongly threatening Nd7.} Qa8 $1 36. g3 (36. Kh2 $1 $11 {was the only way to keep the balance.}) 36... f6 $17 37. Bb4 $2 {[%mdl 8192]} (37. Nf3 $17) 37... Qa1+ 38. Kg2 fxe5 ({Resist} 38... Qxd4 39. Nd3 $19) 39. Bxe7 Qxd4 40. Qe2 e4 41. Ba3 {and the idea Bb2 leaves White hopeful.} Qc3 42. Qg4 Qf6 ({Less strong is} 42... Qxa3 43. Qe6+ Kf8 44. Qf5+ Kg8 45. Qe6+ Kf8 46. Qf5+ Kg8 47. Qe6+ $19) 43. f3 e3 44. f4 {White hopes to continue with Qd7.} Qxc6 45. Qc8+ Kh7 46. Qf5+ Qg6 47. Qxd5 e2 $2 (47... Qc2+ $19 48. Kf3 c6) 48. Bb4 $1 $11 Qb1 {[#] ( -> ...Qf1+)} 49. Be1 $1 {[%mdl 512] The position is equal.} c6 (49... Qxe1 50. Qe4+) 50. Qe6 Qd3 51. f5 Bc5 52. Qg6+ Kh8 53. Qe8+ Kh7 54. Qg6+ Kg8 {...Qe4+ is the strong threat.} 55. Qe6+ Kh7 {Accuracy: White = 65%, Black = 53%.} 1/2-1/2

[Event "23rd Alekhine Master 2019"]
[Site "Voronezh"]
[Date "2019.06.16"]
[Round "5.2"]
[White "Afanasiev, Nikita"]
[Black "Utegaliyev, Azamat"]
[Result "0-1"]
[WhiteElo "2524"]
[BlackElo "2495"]
[Annotator "RC"]
[PlyCount "116"]
[EventDate "2019.06.12"]
[EventType "swiss"]
[EventCountry "RUS"]
[SourceTitle "playchess.com"]
[Source "ChessBase"]
[SourceQuality "1"]
[TimeControl "40/5400+30:1800+30"]

1. e4 {[%emt 0:03:19]} d5 {[%emt 0:00:41]} 2. exd5 {[%emt 0:00:08]} Qxd5 {[%emt 0:00:07]} 3. Nc3 {[%emt 0:00:09]} Qd6 {[%emt 0:00:04]} 4. d4 {[%emt 0:00:17]} Nf6 {[%emt 0:00:05]} 5. Nf3 {[%emt 0:00:27]} Bg4 {[%emt 0:00:07]} 6. h3 {[%emt 0:09:25]} Bh5 {[%emt 0:00:23]} 7. Nb5 {[%emt 0:15:37]} Qd8 {[%emt 0:05:36]} 8. c3 {[%emt 0:00:58]} e6 {[%emt 0:02:28]} 9. a4 {[%emt 0:00:46]} a6 {[%emt 0:02:50]} 10. Na3 {[%emt 0:00:11]} c5 {[%emt 0:00:05]} 11. Nc2 {[%emt 0:10:29]} Nc6 {[%emt 0:01:59]} 12. dxc5 {[%emt 0:08:09]} Qxd1+ {[%emt 0:01:22]} 13. Kxd1 {[%emt 0:00:03]} Bxc5 {[%emt 0:07:36]} 14. Ke1 {[%emt 0:02:55]} Bxf3 {[%emt 0:12:47]} 15. gxf3 {[%emt 0:00:04]} Nd5 {[%emt 0:01:16]} 16. Be3 {[%emt 0:01:22]} Be7 {[%emt 0:02:24]} 17. Bc4 {[%emt 0:04:10]} O-O-O {[%emt 0:05:35]} 18. Rd1 {[%emt 0:00:21]} Nxe3 {[%emt 0:01:08]} 19. Nxe3 {[%emt 0:05:41]} g5 {[%emt 0:01:55]} 20. Ke2 {[%emt 0:08:33]} Ne5 {[%emt 0:00:34]} 21. Bd3 {[%emt 0:01:39]} Ng6 {[%emt 0:06:52]} 22. Bxg6 {[%emt 0:11:28]} hxg6 {[%emt 0:03:16]} 23. Nc4 {[%emt 0:00:15]} f6 {[%emt 0:00:39]} 24. Rxd8+ {[%emt 0:01:23]} Kxd8 {[%emt 0:01:28]} 25. Ne3 {[%emt 0:00:45]} Bd6 {[%emt 0:02:50]} 26. Kf1 {[%emt 0:02:06]} Rh4 {[%emt 0:01:55]} 27. b3 {[%emt 0:00:06]} Be5 {[%emt 0:00:31]} 28. c4 {[%emt 0:00:38]} Ke7 {[%emt 0:05:57]} 29. Nc2 {[%emt 0:03:34]} Rh8 {[%emt 0:01:14]} 30. Nb4 {[%emt 0:00:39]} f5 {[%emt 0:02:39]} 31. Nd3 {[%emt 0:00:17]} Bd4 {[%emt 0:00:39]} 32. Kg2 {[%emt 0:03:19]} Rd8 {[%emt 0:01:52]} 33. Rd1 {[%emt 0:00:08]} a5 {[%emt 0:03:20]} 34. Ne1 {[%emt 0:00:37]} e5 {[%emt 0:04:40]} 35. Kf1 {[%emt 0:01:25]} Kd6 {[%emt 0:01:29]} 36. Nd3 {[%emt 0:00:43]} Rh8 {[%emt 0:00:37]} 37. Kg2 {[%emt 0:00:23]} Kc6 {[%emt 0:01:30]} 38. Re1 {[%emt 0:01:20]} Re8 {[%emt 0:00:06]} 39. Rd1 {[%emt 0:00:26]} Ba7 {[%emt 0:12:30]} 40. Ne1 {[%emt 0:00:00]} Bd4 {[%emt 0:00:00]} 41. Nd3 {[%emt 0:05:05]} Ba7 {[%emt 0:16:12]} 42. Ne1 {[%emt 0:00:12]} Bd4 {[%emt 0:04:39]} 43. Nd3 {[%emt 0:00:05]} Ra8 {[%emt 0:00:45]} 44. Kf1 {[%emt 0:12:03]} Rh8 {[%emt 0:01:00]} 45. Kg2 {[%emt 0:00:09]} Kd6 {[%emt 0:00:36]} 46. Ne1 {[%emt 0:01:44]} Ra8 {[%emt 0:00:39]} 47. Nd3 {[%emt 0:02:02]} Ra6 {[%emt 0:01:27]} 48. h4 {[%emt 0:10:57]} gxh4 {[%emt 0:06:20]} 49. f4 {[%emt 0:00:04]} Ke7 {[%emt 0:01:23]} 50. fxe5 {[%emt 0:01:35]} g5 {[%emt 0:01:34]} 51. Nf4 {[%emt 0:06:07]} Bc5 {[%emt 0:00:05]} 52. Nd5+ {[%emt 0:00:16]} Kf8 {[%emt 0:00:41]} 53. f3 {[%emt 0:01:21]} Re6 {[%emt 0:00:50]} 54. f4 {[%emt 0:00:24]} g4 {[%emt 0:00:35]} 55. Nc7 {[%emt 0:00:13]} Rc6 {[%emt 0:02:35]} 56. Rd7 {[%emt 0:00:40]} Rh6 {[%emt 0:00:31]} 57. Nd5 {[%emt 0:00:43]} h3+ {[%emt 0:00:28]} 58. Kh2 {[%emt 0:00:08]} g3+ {[%emt 0:00:39]} 0-1

[Event "23rd Alekhine Master 2019"]
[Site "Voronezh"]
[Date "2019.06.16"]
[Round "5.3"]
[White "Rios, Cristhian Camilo"]
[Black "Nesterov, Arseniy"]
[Result "0-1"]
[WhiteElo "2513"]
[BlackElo "2423"]
[Annotator "ChessBase"]
[PlyCount "79"]
[EventDate "2019.06.12"]
[EventType "swiss"]
[EventCountry "RUS"]
[SourceTitle "playchess.com"]
[Source "ChessBase"]
[SourceQuality "1"]
[TimeControl "40/5400+30:1800+30"]

1. d4 {[%emt 0:00:00]} Nf6 {[%emt 0:00:00]} 2. c4 {[%emt 0:00:00]} e6 {[%emt 0:00:00]} 3. Nc3 {[%emt 0:00:00]} Bb4 {[%emt 0:00:00]} 4. Qc2 {[%emt 0:00:06]} O-O {[%emt 0:00:08]} 5. a3 {[%emt 0:00:08]} Bxc3+ {[%emt 0:00:14]} 6. Qxc3 {[%emt 0:00:10]} d5 {[%emt 0:00:06]} 7. Bg5 {[%emt 0:00:10]} c5 {[%emt 0:00:13]} 8. dxc5 {[%emt 0:06:45]} d4 {[%emt 0:00:18]} 9. Qc2 {[%emt 0:07:49]} e5 {[%emt 0:00:59]} 10. e4 {[%emt 0:04:31]} a5 {[%emt 0:08:22]} 11. O-O-O {[%emt 0:18:02]} h6 {[%emt 0:10:28]} 12. Bh4 {[%emt 0:00:09]} Nbd7 {[%emt 0:02:47]} 13. f4 {[%emt 0:02:13]} exf4 {[%emt 0:04:04]} 14. Nf3 {[%emt 0:07:18]} Qc7 {[%emt 0:05:39]} 15. Rxd4 {[%emt 0:03:26]} g5 {[%emt 0:14:50]} 16. e5 {[%emt 0:08:32]} Nxe5 {[%emt 0:06:56]} 17. Rd6 {[%emt 0:00:25]} Neg4 {[%emt 0:03:35]} 18. Bf2 {[%emt 0:03:20]} Nxf2 {[%emt 0:01:29]} 19. Rxf6 {[%emt 0:00:08]} Ng4 {[%emt 0:10:23]} 20. Rb6 {[%emt 0:00:06]} Qxc5 {[%emt 0:00:53]} 21. Rb5 {[%emt 0:00:17]} Qf2 {[%emt 0:07:45]} 22. Bd3 {[%emt 0:03:15]} Qxc2+ {[%emt 0:01:18]} 23. Kxc2 {[%emt 0:00:06]} Rd8 {[%emt 0:04:37]} 24. Re1 {[%emt 0:01:48]} Ne3+ {[%emt 0:00:27]} 25. Kc3 {[%emt 0:00:08]} Nxg2 {[%emt 0:07:44]} 26. Re7 {[%emt 0:00:08]} Kf8 {[%emt 0:01:35]} 27. Rc7 {[%emt 0:01:06]} Rd7 {[%emt 0:01:17]} 28. Rcc5 {[%emt 0:00:10]} Re7 {[%emt 0:01:02]} 29. Nd4 {[%emt 0:03:01]} Ne3 {[%emt 0:00:54]} 30. Rb6 {[%emt 0:00:08]} Be6 {[%emt 0:01:27]} 31. h3 {[%emt 0:02:07]} Rd8 {[%emt 0:01:02]} 32. Nxe6+ {[%emt 0:00:44]} Rxe6 {[%emt 0:01:44]} 33. Rxe6 {[%emt 0:00:30]} fxe6 {[%emt 0:00:30]} 34. Be4 {[%emt 0:00:00]} b6 {[%emt 0:02:04]} 35. Rc6 {[%emt 0:00:00]} Nd1+ {[%emt 0:00:27]} 36. Kc2 {[%emt 0:01:03]} Ke7 {[%emt 0:01:49]} 37. Rc7+ {[%emt 0:01:11]} Kf6 {[%emt 0:00:28]} 38. Rh7 {[%emt 0:00:07]} Ke5 {[%emt 0:00:28]} 39. Bf3 {[%emt 0:00:57]} Ne3+ {[%emt 0:00:04]} 40. Kc3 {[%emt 0:00:00]} 0-1

[Event "23rd Alekhine Master 2019"]
[Site "Voronezh"]
[Date "2019.06.16"]
[Round "5.4"]
[White "Ruiz Castillo, Joshua Daniel"]
[Black "Rozum, Ivan"]
[Result "1/2-1/2"]
[WhiteElo "2472"]
[BlackElo "2572"]
[Annotator "ChessBase"]
[PlyCount "51"]
[EventDate "2019.06.12"]
[EventType "swiss"]
[EventCountry "RUS"]
[SourceTitle "playchess.com"]
[Source "ChessBase"]
[SourceQuality "1"]
[TimeControl "40/5400+30:1800+30"]

1. e4 {[%emt 0:00:00]} c6 {[%emt 0:05:01]} 2. d4 {[%emt 0:00:00]} d5 {[%emt 0:00:06]} 3. e5 {[%emt 0:00:00]} Bf5 {[%emt 0:00:05]} 4. Nf3 {[%emt 0:00:00]} e6 {[%emt 0:00:09]} 5. Be2 {[%emt 0:00:01]} h6 {[%emt 0:01:02]} 6. O-O {[%emt 0:00:07]} Ne7 {[%emt 0:00:05]} 7. Nbd2 {[%emt 0:00:07]} Nd7 {[%emt 0:00:20]} 8. Nb3 {[%emt 0:00:20]} Qc7 {[%emt 0:01:30]} 9. Bd2 {[%emt 0:00:12]} a5 {[%emt 0:00:20]} 10. a4 {[%emt 0:00:06]} g5 {[%emt 0:00:05]} 11. c3 {[%emt 0:00:13]} Bg7 {[%emt 0:00:22]} 12. Ne1 {[%emt 0:00:25]} c5 {[%emt 0:05:43]} 13. Bb5 {[%emt 0:00:07]} Nc6 {[%emt 0:01:48]} 14. Nc2 {[%emt 0:07:26]} c4 {[%emt 0:02:18]} 15. Nc1 {[%emt 0:01:15]} Na7 {[%emt 0:00:23]} 16. Bxd7+ {[%emt 0:00:12]} Qxd7 {[%emt 0:01:06]} 17. Ne3 {[%emt 0:00:15]} Bg6 {[%emt 0:01:04]} 18. f4 gxf4 {[%emt 0:02:57]} 19. Rxf4 {[%emt 0:08:20]} h5 {[%emt 0:00:21]} 20. Rf2 {[%emt 0:08:46]} Nc8 {[%emt 0:07:35]} 21. Nf1 {[%emt 0:01:11]} Qe7 {[%emt 0:07:48]} 22. Bf4 {[%emt 0:00:48]} Nb6 {[%emt 0:00:55]} 23. Qd2 {[%emt 0:02:54]} Qd7 {[%emt 0:01:42]} 24. Qd1 {[%emt 0:00:32]} Qe7 {[%emt 0:01:26]} 25. Qd2 {[%emt 0:00:21]} Qd7 {[%emt 0:00:19]} 26. Qd1 {[%emt 0:00:42]} 1/2-1/2

[Event "23rd Alekhine Master 2019"]
[Site "Voronezh"]
[Date "2019.06.16"]
[Round "5.5"]
[White "Shaposhnikov, Evgeny"]
[Black "Golubov, Saveliy"]
[Result "1-0"]
[WhiteElo "2572"]
[BlackElo "2460"]
[Annotator "ChessBase"]
[PlyCount "45"]
[EventDate "2019.06.12"]
[EventType "swiss"]
[EventCountry "RUS"]
[SourceTitle "playchess.com"]
[Source "ChessBase"]
[SourceQuality "1"]
[TimeControl "40/5400+30:1800+30"]

1. d4 {[%emt 0:03:26]} g6 {[%emt 0:00:14]} 2. c4 {[%emt 0:01:04]} Bg7 {[%emt 0:00:16]} 3. Nf3 {[%emt 0:00:18]} Nf6 {[%emt 0:00:19]} 4. Nc3 {[%emt 0:00:48]} O-O {[%emt 0:00:16]} 5. Bg5 {[%emt 0:00:25]} d6 {[%emt 0:10:26]} 6. e3 {[%emt 0:00:15]} Nbd7 {[%emt 0:00:41]} 7. Qc2 {[%emt 0:00:52]} h6 {[%emt 0:03:40]} 8. Bh4 {[%emt 0:00:06]} g5 {[%emt 0:00:08]} 9. Bg3 {[%emt 0:00:09]} Nh5 {[%emt 0:00:21]} 10. Be2 {[%emt 0:00:35]} e6 {[%emt 0:04:01]} 11. Nd2 {[%emt 0:01:23]} Nxg3 {[%emt 0:00:28]} 12. hxg3 {[%emt 0:00:02]} c5 {[%emt 0:08:32]} 13. d5 {[%emt 0:09:43]} exd5 {[%emt 0:01:20]} 14. Nxd5 {[%emt 0:06:16]} Nf6 {[%emt 0:06:57]} 15. Bf3 {[%emt 0:17:48]} Nxd5 16. Bxd5 {[%emt 0:00:18]} Be6 {[%emt 0:09:13]} 17. Qd3 {[%emt 0:05:59]} Rb8 {[%emt 0:07:20]} 18. Rd1 {[%emt 0:06:41]} Qa5 {[%emt 0:06:44]} 19. a3 {[%emt 0:08:50]} b5 {[%emt 0:04:18]} 20. Bxe6 {[%emt 0:03:35]} fxe6 {[%emt 0:00:12]} 21. Qxd6 {[%emt 0:01:19]} bxc4 {[%emt 0:11:27]} 22. Qxe6+ {[%emt 0:00:57]} Kh7 {[%emt 0:00:08]} 23. O-O {[%emt 0:01:02]} 1-0

[Event "23rd Alekhine Master 2019"]
[Site "Voronezh"]
[Date "2019.06.16"]
[Round "5.6"]
[White "Volkov, Sergey"]
[Black "Zakhartsov, Vladimir"]
[Result "*"]
[WhiteElo "2567"]
[BlackElo "2480"]
[Annotator "TA"]
[PlyCount "38"]
[EventDate "2019.06.12"]
[EventType "swiss"]
[EventCountry "RUS"]
[SourceTitle "playchess.com"]
[Source "ChessBase"]
[SourceQuality "1"]

{[%evp 19,38,0,0,4,30,14,12,7,14,20,20,16,12,12,10,15,17,0,19,0,18]} 1. d4 Nf6 2. c4 g6 3. Nc3 d5 4. Nf3 Bg7 5. Qb3 dxc4 6. Qxc4 O-O 7. e4 a6 8. Be2 b5 9. Qb3 c5 10. dxc5 Be6 11. Qc2 {D97: Grünfeld: Russian System: 7 e4, replies other than 7...Bg4} Nbd7 12. Be3 Rc8 {The position is equal.} 13. Rd1 {aiming for Ng5.} b4 14. Nd5 Bxd5 15. exd5 {[#] Black must now prevent c6.} Nxc5 16. O-O Qd6 (16... Nce4 17. Qd3 Qd6 18. Qxa6 Rc2 {½-½ (67) Giri,A (2755)-Nepomniachtchi,I (2740) Moscow 2016}) 17. Rc1 {[%cal Re3c5]} Qb8 18. Bc4 Ncd7 $146 ({Predecessor:} 18... Rfd8) 19. Qd2 Nb6 *

[Event "23rd Alekhine Master 2019"]
[Site "Voronezh"]
[Date "2019.06.16"]
[Round "5.7"]
[White "Fedorov, Alexei"]
[Black "Ulko, Jaroslav"]
[Result "1/2-1/2"]
[WhiteElo "2553"]
[BlackElo "2438"]
[Annotator "ChessBase"]
[PlyCount "67"]
[EventDate "2019.06.12"]
[EventType "swiss"]
[EventCountry "RUS"]
[SourceTitle "playchess.com"]
[Source "ChessBase"]
[SourceQuality "1"]
[TimeControl "40/5400+30:1800+30"]

1. e4 {[%emt 0:00:00]} e5 {[%emt 0:01:15]} 2. Nc3 {[%emt 0:00:06]} d6 {[%emt 0:00:29]} 3. Bc4 {[%emt 0:05:01]} Nf6 {[%emt 0:00:31]} 4. d3 {[%emt 0:00:39]} c6 {[%emt 0:01:07]} 5. f4 {[%emt 0:01:36]} exf4 {[%emt 0:09:15]} 6. Bxf4 {[%emt 0:09:44]} d5 {[%emt 0:01:51]} 7. exd5 {[%emt 0:00:48]} cxd5 {[%emt 0:00:30]} 8. Bb3 {[%emt 0:00:30]} d4 {[%emt 0:00:30]} 9. Nb5 {[%emt 0:00:30]} Bg4 {[%emt 0:00:30]} 10. Qd2 {[%emt 0:00:30]} Na6 {[%emt 0:00:30]} 11. h3 {[%emt 0:00:30]} Bb4 {[%emt 0:00:30]} 12. c3 {[%emt 0:00:30]} dxc3 {[%emt 0:00:30]} 13. bxc3 {[%emt 0:00:30]} Bd7 {[%emt 0:00:30]} 14. Nd6+ {[%emt 0:00:30]} Bxd6 {[%emt 0:00:30]} 15. Bxd6 {[%emt 0:00:30]} Qb6 {[%emt 0:00:30]} 16. Qe2+ {[%emt 0:00:30]} Be6 {[%emt 0:00:30]} 17. Bxe6 {[%emt 0:00:30]} Qxd6 {[%emt 0:00:30]} 18. Bc4+ {[%emt 0:00:30]} Kf8 {[%emt 0:00:30]} 19. Qf3 {[%emt 0:00:30]} Nc5 {[%emt 0:00:30]} 20. Ne2 {[%emt 0:00:30]} Qb6 {[%emt 0:00:30]} 21. d4 {[%emt 0:00:30]} Nce4 {[%emt 0:00:30]} 22. Rd1 {[%emt 0:00:30]} g6 {[%emt 0:00:30]} 23. O-O {[%emt 0:00:30]} Kg7 {[%emt 0:00:30]} 24. Ng3 {[%emt 0:00:30]} Nxg3 {[%emt 0:00:30]} 25. Qxg3 {[%emt 0:00:30]} Rhe8 {[%emt 0:00:30]} 26. Rf3 {[%emt 0:00:30]} Rac8 {[%emt 0:00:30]} 27. Bb3 {[%emt 0:00:30]} Rc4 {[%emt 0:00:30]} 28. Bxc4 {[%emt 0:00:30]} Rc8 {[%emt 1:12:49]} 29. Bb3 {[%emt 1:04:14]} Rxc3 {[%emt 0:00:30]} 30. Rxc3 {[%emt 0:00:30]} Qxd4+ {[%emt 0:00:30]} 31. Kh1 {[%emt 0:00:30]} Ne4 {[%emt 0:00:30]} 32. Qh4 {[%emt 0:00:30]} g5 {[%emt 0:00:30]} 33. Qh5 {[%emt 0:00:30]} Qxc3 {[%emt 0:00:30]} 34. Rf1 {[%emt 0:00:30]} 1/2-1/2

[Event "23rd Alekhine Master 2019"]
[Site "Voronezh"]
[Date "2019.06.16"]
[Round "5.8"]
[White "Yeletsky, Ivan"]
[Black "Meshkovs, Nikita"]
[Result "0-1"]
[WhiteElo "2438"]
[BlackElo "2550"]
[Annotator "TA"]
[PlyCount "154"]
[EventDate "2019.06.12"]
[EventType "swiss"]
[EventCountry "RUS"]
[SourceTitle "playchess.com"]
[Source "ChessBase"]
[SourceQuality "1"]

{[%evp 16,154,8,0,16,0,27,0,31,21,46,54,42,0,0,6,45,0,-7,-81,-72,-66,-71,-70,-29,-35,0,0,0,0,0,-77,-31,-65,-39,-34,0,0,0,-18,-20,-35,0,0,0,-2,0,-20,0,0,0,-21,-26,-23,-15,-19,0,0,0,0,0,-12,0,0,40,42,61,53,60,45,67,0,0,0,0,0,0,0,0,0,38,0,20,0,0,0,5,0,0,0,0,0,0,0,0,0,14,10,16,0,19,10,22,22,35,31,27,0,0,0,0,0,0,-114,-113,-77,-65,-106,-120,-253,-253,-378,-114,-402,-407,-399,-374,-866,-901,-742,-833,-833,-815,-681,-535,-1045,-1003,-938,-935,-837,-757]} 1. e4 e5 2. Nf3 Nc6 3. Bb5 a6 4. Ba4 Nf6 5. O-O Be7 6. d3 b5 7. Bb3 d6 8. a3 O-O 9. Nc3 Rb8 {C77: Ruy Lopez: 3...a6 4 Ba4 Nf6, unusual lines} 10. h3 Be6 $146 ({Predecessor:} 10... Nd4 11. Nxd4 exd4 12. Nd5 Nxd5 13. Bxd5 Be6 14. Bxe6 fxe6 15. Qg4 Qd7 16. Bd2 Rf7 17. f4 {½-½ (37) Nisipeanu,L (2674)-Iordachescu,V (2597) Bucharest 2018}) 11. Bg5 Nd7 {The position is equal.} 12. Be3 Na5 13. Bxe6 fxe6 14. d4 Nc4 15. Bc1 Rxf3 16. gxf3 ({White should play} 16. Qxf3 $14 exd4 17. Ne2) 16... exd4 $11 17. Qxd4 (17. Ne2 $11) 17... Bf6 $17 18. Qd1 Bxc3 19. bxc3 Nc5 20. Kh2 $1 Qf6 21. Rg1 $1 Rf8 22. Rg3 $1 Qxc3 23. Rb1 (23. Bh6 $1 $11 {keeps the balance.} Rf7 24. f4) 23... Qe5 {[%mdl 1024] Black has strong compensation.} 24. Kg2 Qh5 {Threatens to win with ...Nxe4!} 25. Be3 Na4 26. Qd4 {[%csl Gg3][%cal Rd4g7]} e5 27. Qd3 c6 28. Rb4 Nxe3+ (28... Nab2 $5 {[%cal Rb2d3]} 29. Qc3 Nd1 $15) 29. fxe3 Qh6 30. Rb1 $132 {[%mdl 2048] White is not holding back} Nb6 31. Rg1 Nc4 32. Kf2 Qh4 33. Ke2 g6 34. a4 Rd8 35. Kf1 Kf7 36. Kg2 d5 37. axb5 axb5 38. Rg4 Qe7 39. f4 dxe4 40. Qxe4 Qc5 41. Rh4 $1 {[%cal Rh4h7]} Kg7 42. Kh1 Qd5 43. f5 (43. fxe5 $14 Nxe3 44. e6) 43... Nxe3 $11 44. fxg6 h6 $1 45. Kh2 Qd2+ 46. Kh1 Qd5 47. Kh2 Nc4 48. Kh1 (48. Rg2 {keeps more tension.} Qxe4 49. Rxe4 Rd6 50. Re1 Rxg6 51. Reg1) 48... Rf8 (48... Ne3 {is interesting.}) 49. Ra1 {aiming for Ra7+.} Qxe4+ 50. Rxe4 Kxg6 {[%mdl 4096] Endgame KRR-KRN} 51. Rg4+ Kh5 52. Re1 Rf2 53. Rg2 Rf4 54. Rge2 Kg5 55. Rg1+ Kh5 56. Rg8 Rf6 57. Kg2 Re6 58. Rf2 {White wants to mate with Rf5+.} Nd6 59. Kf3 e4+ 60. Ke2 Re5 61. Rd8 Nf5 62. Rg8 b4 63. Rg4 c5 64. Rgf4 (64. Rff4 $11 {remains equal.}) 64... Kg5 $17 65. Rg4+ {[#]} Kf6 $1 66. Rg8 Ke7 67. Rg6 (67. h4 $17 {was called for.}) 67... e3 $19 68. Rf1 (68. Rxf5 $142 Rxf5 69. Kxe3) 68... h5 $2 (68... Nd4+ $19 69. Kd3 e2) 69. Kd3 $2 {[%mdl 8192]} (69. Rxf5 $17 Rxf5 70. Kxe3) 69... e2 70. Re1 Nd4 71. h4 $2 (71. Rh6 Nf3 72. Rxe2 c4+ {[%mdl 64] Deflection} 73. Kxc4 Rxe2 74. Rxh5) 71... Nf3 $1 {[%csl LRe1,LRh4][%mdl 64] Double Attack. Black is clearly winning.} 72. Rxe2 {[#]} c4+ $1 {[%mdl 576] Deflection} 73. Kxc4 Rxe2 74. Rg3 Ne5+ 75. Kxb4 Re4+ 76. Kc5 Ke6 77. Rh3 Rc4+ {Accuracy: White = 50%, Black = 48%.} 0-1

[Event "23rd Alekhine Master 2019"]
[Site "Voronezh"]
[Date "2019.06.16"]
[Round "5.9"]
[White "Potapov, Pavel"]
[Black "Puranik, Abhimanyu"]
[Result "1/2-1/2"]
[WhiteElo "2479"]
[BlackElo "2548"]
[Annotator "TA"]
[PlyCount "61"]
[EventDate "2019.06.12"]
[EventType "swiss"]
[EventCountry "RUS"]
[SourceTitle "playchess.com"]
[Source "ChessBase"]
[SourceQuality "1"]

{[%evp 16,61,22,15,70,55,98,89,84,78,101,87,92,99,101,91,83,47,53,0,0,0,0,0,0,0,0,0,0,0,0,0,4,3,4,6,5,4,11,4,12,-816,2,8,8,0,0,-434]} 1. d4 Nf6 2. c4 g6 3. Nc3 d5 4. cxd5 Nxd5 5. e4 Nxc3 6. bxc3 Bg7 7. Nf3 c5 8. Be3 O-O 9. Be2 b5 $146 {D85: Exchange Grünfeld: Unusual White 7th moves and lines with 7 Nf3} (9... b6 $11) ({Predecessor:} 9... b6 10. Rc1 e6 11. O-O Bb7 12. Qd3 Nd7 13. Bg5 {½-½ (13) Yu,Y (2764)-Artemiev,V (2709) St Petersburg 2018}) 10. O-O $14 b4 11. cxb4 (11. dxc5 bxc3 12. Rc1 Nc6 $11) 11... cxb4 {White is better.} 12. a3 Bb7 13. Qb1 a5 14. axb4 axb4 {White should prevent ...Rxa1.} 15. Rxa8 ({Reject} 15. Qxb4 $6 Rxa1 16. Rxa1 (16. Qxb7 Qd7 $15) 16... Bxe4 $11) 15... Bxa8 16. Bd3 Qd6 17. Bd2 ({Better is} 17. Rc1 $14) 17... Bxd4 $11 18. Bxb4 Bc5 19. Bxc5 Qxc5 20. Rc1 Qd6 21. Rd1 Qf4 22. Qc1 Qxc1 23. Rxc1 Rd8 24. Ne1 Nc6 25. f3 Kg7 26. Kf2 Rb8 27. Rb1 Nb4 28. e5 $2 {[%mdl 8192] [#]} (28. Bc4 $11) 28... f6 $2 (28... Nxd3+ $19 29. Nxd3 Rxb1) 29. exf6+ {The position is equal.} Kxf6 30. Rc1 Rd8 31. Rb1 $2 {[%mdl 40960] Accuracy: White = 46%, Black = 45%. . An unexpected result.} (31. Ke3 $11 {and White stays safe.}) 1/2-1/2